00954nam a2200265Ia 450000500170000000800410001702000190005808200190007710000400009624500980013625000370023430000430027149000490031453400250036365000290038865000360041765000310045365000290048470000260051326400260053933600270056533700330059233800280062504000350065320220317001045.0160825s2008 sp a g 000 0 spa  a9788420638801204a792.028 bS71c1 aStanislavski, Constantind1863-193813aLa construcción del personajecConstantin Stanislavski ; Traducido por Bernardo Fernández a1a.edición b6a reimpresión  a363 páginas bilustraciones c18 cm  aEl libro de bolsillo pcine y comunicación tBuilding a character142LEMBaTeatroxTécnica 142LEMBaCaracterización teatral142LEMBaActuación teatral 142LEMBaArtes escénicas 1 aFernández, Bernardo aMadridbAlianzac2008 atextobtxt2rdacontent asin mediaciónbn2rdamedia avolumenbnc2rdacarrier aCO-BoRNBPbspaerdacCO-BoRNBP